LEADER 01286nam a2200241 i 4500 001 000000247612 003 CaOOAMICUS 005 20160125000000.0 008 160125s1803 it u000 u ita u 013 $a226517 026 $atii, 0.in o-te miqu (3) 1803 (R) 040 $aSeMil$bita 245 10$aVita della Beata Veronica Giuliani badessa delle Cappuccine in S. Chiara di Cittą di Castello scritta da Filippo Maria Salvatori sacerdote .. 260 $aIn Roma :$bPresso Lazzarini,$c1803. 300 $aXV, [1], 251, [1] p., [2] carte di tav. :$bill. ;$c4°. 500 $aStemma di papa Pio VII xilogr. sul front. - Segn. : *-2*4 A-2G4 2H6. 600 14$aGiuliani, Veronica .$0(OLS)http://semarc/subject/1340 700 1 $aSalvatori, Filippo Maria,$cdella Compagnia di Gesł.$0(OLS)http://semarc/name/25634 710 0 $aLazzarini$c.$0(OLS)http://semarc/name/109966 850 $aSeMil 852 $aSeMil$W1$xVenegono$y1$m3H IV 17 FA$j197958$B197958$CSeMilBibl$Z2$F209206 $8I 996 $6245$aVita della Beata Veronica Giuliani badessa delle Cappuccine in S. Chiara di Cittą di Castello scritta da Filippo Maria Salvatori sacerdote ..$9(OLS)http://semarc/title/349609 996 $6260$aIn Roma :$bPresso Lazzarini$9(OLS)http://semarc/publisher/43882 LEADER 00951nam a2200217 i 4500 001 000000048510 003 CaOOAMICUS 005 20250923115748.0 008 120511s1928 xx u000 u lat u 013 $a19680 040 $aSeMil$bita 100 1 $aLorenzo : da Brindisi,$c.$0(OLS)http://semarc/name/2552 245 10$a1: Mariale. 264 1$aPatavii :$bex Officina typographica seminarii,$c1928. 300 $aXXIII, 649 p., [2] carte di tav. :$bill. ;$c28 cm 773 0 $aLorenzo : da Brindisi $tS. Laurentii a Brundusio Opera omnia.$dPatavii : ex Officina typographica seminarii, 1928-1944.$g1$w()3343 850 $aSeMil 852 $aSeMil$W1$xVenegono$y1$m2D V 26$j14665$B14665$CSeMilBibl$Z2$F14665 $81 996 $6245$a1: Mariale$9(OLS)http://semarc/title/455829 996 $6264$aPatavii :$bex Officina typographica seminarii$9(OLS)http://semarc/publisher/62591